000 00894nam a2200229Ii 4500
003 JO-AjNU
008 230605s9999||||xx |||||||||||||| ||und||
017 _a2004/10330
020 _a977-5677-28-2
040 _aJO-AjNU
_bara
_erda
_cJO-AjNU
041 _aara
050 1 4 _aJX1245.K3412 2008
100 3 _aكالسهوقن، فريتس، م.مشارك ليزابيث تسغفلد؛ ترجمة أحمد عبد العليم,
_eauthor
_947320
245 0 0 _aضوابط تحكم خوض الحرب: مدخل للقانون الدولي الإنساني
250 _aالطبعة العربية الثانية
264 3 1 _aد.م: اللجنة الدولية للصليب الأحمر، 2008
300 _a255ص
336 _atext
_btxt
_2rdacontent
337 _aunmediated
_bn
_2rdamedia
338 _avolume
_bnc
_2rdacarrier
650 4 _aحقوق مدنية - قانون دولي
_947321
999 _aA20648
_c24216
_d24216